LEADER 01376nam0 22003493i 450 001 SBL0338255 005 20251003044352.0 020 $aIT$b812185 100 $a20130827d1981 ||||0itac50 ba 101 | $aita 102 $ait 181 1$6z01$ai $bxxxe 182 1$6z01$an 200 1 $aˆI ‰poteri del Parlamento europeo$fAndrea Chiti-Batelli 210 $aMilano$dA. Giuffre 1981 215 $aXI, 406 p.$d25 cm. 606 $aParlamento europeo$2FIR$3CFIC010902$9E 676 $a341$9DIRITTO INTERNAZIONALE$v12 676 $a341.242$9ASSOCIAZIONI E ORGANIZZAZIONI REGIONALI EUROPEE$v20 676 $a341.2424$9PARLAMENTO EUROPEO$v19 676 $a341.2424$9UNIONE EUROPEA. PARLAMENTO EUROPEO$v21 676 $a341.2424$9DIRITTO DELLE NAZIONI (DIRITTO INTERNAZIONALE). Parlamento europeo$v22 700 1$aChiti-Batelli$b, Andrea$3CFIV009229$4070$0229089 801 3$aIT$bIT-000000$c20130827 850 $aIT-BN0095 $aIT-NA0070 901 $bNAP 01$cD $n$ 901 $bNAP BU$cCONS. $nConsultazione. 912 $aSBL0338255 950 0$aBiblioteca Centralizzata di Ateneo$b1 v.$c1 v.$d 01D (AR) 15 632$e 01AR 0700156325 VMA A4 1 v.$fY $h19950316$i20181003 977 $a 01$a BU 996 $a"poteri" del Parlamento Europeo$9638589 997 $aUNISANNIO